Compendio de artículos técnicos del ciclo sobre el marco teórico conceptual /
Furkejuvvon:
| Searvvušdahkkit: | , |
|---|---|
| Materiálatiipa: | Texto |
| Almmustuhtton: |
San José:
ICAP
|
| Fáddágilkorat: |
Lasit fáddágilkoriid
Eai fáddágilkorat, Lasit vuosttaš fáddágilkora!
|
MARC
| LEADER | 00000 a a2200000 04500 | ||
|---|---|---|---|
| 001 | 22501 | ||
| 003 | |||
| 040 | |||
| 090 | |a 153801 | ||
| 110 | |a Instituto Centroamericano de Administración Pública | ||
| 245 | |a Compendio de artículos técnicos del ciclo sobre el marco teórico conceptual / |c Instituto Centroamericano de Administración Pública | ||
| 260 | |a San José: |b ICAP | ||
| 300 | |a p. irreg.; vol. I | ||
| 710 | |a ICAP | ||
| 999 | |c 16746 |d 16746 | ||
